000 00560nam a2200229Ia 4500
003 IT-RoPAU
008 120407s9999 xx 000 0 und d
040 _aIT-RoPAU
040 _cIT-RoPAU
041 _aita
100 _aWalter Brugger
245 _aDizionario di filosofia. A cura di Walter Brugger e dei professori dell’Istituto Berchmans di Monaco.
250 _aTorino
260 _aMarietti
260 _c1959
300 _a819 p.
300 _c17 cm
490 _v1
600 _a1. Filosofia - Dizionari
942 _cBK
999 _c36883
_d36883